000 00631nam a22002057a 4500
003 OSt
005 20160716154307.0
008 160716b xxu||||| |||| 00| 0 eng d
020 _a0-06-044526-2
040 _cLIC
082 _21989
_aDC 808.0427
_bM61
100 _911594
_aMiller, Susan
245 _aThe written world:
_breading and writing in social contexts/
_cSusan Miller.
260 _aNew York:
_bHarper & Row Publishers,
_cc1989.
300 _axxvii, 611 pages;
_c23 cm.
650 0 _911595
_aReaders
_xSocial sciences
650 0 _911597
_aCollege readers
650 0 _911599
_aEnglish language
_xRhetoric
942 _2ddc
_cDC
999 _c3476
_d3476